Welcome to the Holygrace Academy Library

Please use search bar below to get started

RUMBLE IN THE JINGLE (Record no. 5446)

MARC details
000 -LEADER
fixed length control field 00230nam a22001097a 4500
082 ## - DEWEY DECIMAL CLASSIFICATION NUMBER
Classification number 823
Item number VAS/R
245 ## - TITLE STATEMENT
Title RUMBLE IN THE JINGLE
260 ## - PUBLICATION, DISTRIBUTION, ETC. (IMPRINT)
Name of publisher VASAN
520 ## - SUMMARY, ETC.
Summary, etc ENGLISH SHORT STORY
650 ## - SUBJECT ADDED ENTRY--TOPICAL TERM
Topical Term ENGLISH SHORT STORY
942 ## - ADDED ENTRY ELEMENTS (KOHA)
Koha item type Books
Holdings
Withdrawn status Lost status Collection code Home library Current library Shelving location Date acquired Source of acquisition Full call number Accession Number Koha item type
    Fiction Main Library Main Library SHELF 3- I- ENGLISH CHILDRENS LITERATURE &MYTHOLOGY 18/05/2010 PURCHASE 823 VAS/R 05193 Books